00383nam a2200145Ia 4500008004100000082001300041100002400054245004800078250000900126260002900135300001200164500002400176650001500200700002200215230524s9999 xx 000 0 und d a612bCAR aJohn Crawford Adams 0aOutline of Orthopaedics (Adam's) (13th ed.) a13TH aNEW YORKbElsevierc2005 aVII;451 aQuantity Number: 2 aBiomedical a David L. Hamblen